Oscar Niemeyer /

שמור ב:
מידע ביבליוגרפי
מחבר ראשי: Niemeyer, Oscar (arquitecto)
מחברים אחרים: Papadaki, Stamo (texto) (texto)
פורמט: ספר
שפה:ספרדית
יצא לאור: Nueva York, EUA : George Braziller, 1960
סדרה:(Masters of World Architecture ; 117)
נושאים:
תגים: הוספת תג
אין תגיות, היה/י הראשונ/ה לתייג את הרשומה!

MARC

LEADER 00000nam^a2200000^a^4500
001 000013750
005 20250521000000.0
009 20260310083915.709
037 |a Acervo ITESO - Biblioteca 
041 |a ESP 
082 |a 720. 981  |b NIE PAP 
100 |a Niemeyer, Oscar  |e (arquitecto) 
245 1 0 |a Oscar Niemeyer /  |c Arquitecto O. Niemeyer ; texto de S. Papadaki. 
264 1 |a Nueva York, EUA :  |b George Braziller,  |c 1960 
300 |a 127 p. 
336 |a texto  |b txt  |2 rdacontenido 
337 |a sin mediación  |b n  |2 rdamedio 
338 |a volumen  |b nc  |2 rdasoporte 
440 1 |a (Masters of World Architecture ;  |v 117) 
545 0 |a Oscar Niemeyer Soares Filho, célebre arquitecto brasileño conocido principalmente por sus diseños y edificaciones de Brasilia, la futurista capital brasileña inaugurada en 1960. Nacido en 1907 en Río de Janeiro, Niemeyer desarrolló su formación arquitectónica en la Escuela Nacional de Artes de Río, al lado de Lúcio Costa, con quien colaboró en 1936 en el diseño del edificio del Ministerio de Educación y Salud, calificado como la primera obra maestra de la arquitectura moderna brasileña. Asumió su primer gran proyecto en 1941, cuando fue comisionado para planear un nuevo suburbio de la ciudad de Belo Horizonte. Galardonado con el premio Pritzker en 1988, Niemeyer es calificado como un protagonista indiscutible de la modernidad arquitectónica en América Latina, que ha dejado muestras de su talento no sólo en ciudades brasileñas, sino también en París y Niza. 
586 |a Premio Pritzker 1988, ex aequo: Biografías, crítica e interpretación 
586 |a Premio Príncipe de Asturias de las Artes 1989: Biografías, crítica e interpretación 
649 |a XX 
650 |a Arquitectos Brasileños 
650 |a Artistas Brasileños 
650 |a Arquitectura Moderna -  |x Historia y Crítica 
650 |a Arquitectura Brasileña -  |x Historia y Crítica 
650 |a Arquitectura Brasileña -  |y Siglo XX 
650 |a Arte Moderno -  |x Historia y Crítica 
650 |a Arte Brasileño -  |x Historia y Crítica 
650 |a Arte Brasileño -  |y Siglo XX 
650 |a Niemeyer, Oscar -  |x Tema Principal 
700 |a Papadaki, Stamo  |e (texto) 
910 |a Fondo General 
920 |a Impresos - Libros 
930 |a Colección General 
905 |a 101 
901 |a 0137500100  |b IT1  |c ACC  |i 013750  |u 20250521 
902 |a https://opac.biblio.iteso.mx/vufind/Record/000013750